000 00769nam a2200217Ia 4500
003 GCL
008 140319s9999 xx 000 0 ara d
040 _aGCL /
_cGCL
082 0 4 _a901
_bع د
100 1 _aعبدالمنعم ماجد
245 1 0 _aدليل على مقدمة لدراسة التاريخ الاسلامى ودراسة لمفهوم التاريخ عند المسلمين ودور المؤرخ الاسلامى /
_cعبدالمنعم ماجد
260 _a[S.N] :
_bمكتبة الانجلوالمصرية ،
_c1979
300 _a92 ص
490 _a
650 0 4 _aفلسفة
650 0 4 _aالتاريخ الاسلامى
650 0 4 _aالتاريخ
650 0 4 _aالمؤرخون المسلمون
650 0 4 _aمصادر
942 _2ddc
_cBK
999 _c31943
_d31943